000 00560pab a2200181 454500
008 180718b2014 xxu||||| |||| 00| 0 eng d
100 _aReena Kumari
245 _aLevels of living poverty and inequality in Bihar: a district- wise analysis
260 _c2014
300 _ap.322-339.
362 _aJul-Dec
650 _aIncome distribution - India - Bihar
650 _aPoverty - India - Bihar
650 _aLiving conditions - India - Bihar
650 _aLiving conditions
773 _aJournal of Social and Economic Development
909 _a108782
999 _c108777
_d108777